Visualizzazione normale
Vista MARC
- Novellino Adamo
di Personal Name
Records bibliografici associati: 1
001 - CONTROL NUMBER
- control field: 57291
003 - CONTROL NUMBER IDENTIFIER
- control field:
005 - DATE AND TIME OF LATEST TRANSACTION
- control field: 20180706105727.0
008 - FIXED-LENGTH DATA ELEMENTS
- fixed length control field: 180706|| aca||aabn | a|a d
040 ## - CATALOGING SOURCE
- Original cataloging agency:
- Transcribing agency:
100 ## - HEADING--PERSONAL NAME
- Personal name: Novellino Adamo
670 ## - SOURCE DATA FOUND
- Source citation: Work cat.: (): Novellino Adamo, I pronipoti di Adamo, 2018